ATTI DEI SANTI CHE FIORIRONO NÈ DOMINI DELLA REAL CASA DI SAVOIA. TOMO IV. (Record n. 293781)
[ formato base ]
| 000 -LEADER | |
|---|---|
| fixed length control field | 01151nam a2200229Ia 4500 |
| 001 - CONTROL NUMBER | |
| control field | A235-34949 |
| 003 - CONTROL NUMBER IDENTIFIER | |
| control field | IT-CnALBA |
| 008 - FIXED-LENGTH DATA ELEMENTS--GENERAL INFORMATION | |
| fixed length control field | 170116s9999||||xx |||||||||||||| ||und|| |
| 040 ## - CATALOGING SOURCE | |
| Original cataloging agency | IT-CnALBA |
| Transcribing agency | IT-CnALBA |
| 041 ## - LANGUAGE CODE | |
| Language code of text/sound track or separate title | ITALIANO |
| 999 ## - SYSTEM CONTROL NUMBERS (KOHA) | |
| Koha Dewey Subclass [OBSOLETE] | SI |
| 100 ## - MAIN ENTRY--PERSONAL NAME | |
| Personal name | GALLIZIA P. GIACINTO, CANONICO |
| 245 #0 - TITLE STATEMENT | |
| Title | ATTI DEI SANTI CHE FIORIRONO NÈ DOMINI DELLA REAL CASA DI SAVOIA. TOMO IV. |
| 250 ## - EDITION STATEMENT | |
| Edition statement | 1a ed. |
| 260 ## - PUBLICATION, DISTRIBUTION, ETC. (IMPRINT) | |
| Place of publication, distribution, etc. | TORINO |
| Name of publisher, distributor, etc. | REGIA TYPOGRAPHIA OFFICINA. |
| Date of publication, distribution, etc. | 1756 [1° Ed.:1756 - Ed.Ling.Originale: 1756] |
| 300 ## - PHYSICAL DESCRIPTION | |
| Extent | 411 p. |
| 500 ## - GENERAL NOTE | |
| General note | S. GOTTOFREDO. SANTA LIBANIA. S. GOZZELINO. S. ANSELMO. S. GUGLIELMO. BEATO GIOVANNI CALMETO. S. LANFRANCO VESCOVO DI PAVIA. S. ANTELMO VESCOVO DI BELLEY. S. GERARDO VESCOVO DI CISTERONE. E MOLTI ALTRI. |
| 501 ## - WITH NOTE | |
| With note | Società San Paolo EM - Piazza San Paolo, 14 - 12051 ALBA (CN) (non commercial uses only) ® Copyright 2017 |
| 520 ## - SUMMARY, ETC. | |
| Summary, etc. | S. GOTTOFREDO. SANTA LIBANIA. S. GOZZELINO. S. ANSELMO. S. GUGLIELMO. BEATO GIOVANNI CALMETO. S. LANFRANCO VESCOVO DI PAVIA. S. ANTELMO VESCOVO DI BELLEY. S. GERARDO VESCOVO DI CISTERONE. E MOLTI ALTRI. |
| 650 ## - SUBJECT ADDED ENTRY--TOPICAL TERM | |
| Topical term or geographic name as entry element | ANGELI SANTI DEMONI |
| 942 ## - ADDED ENTRY ELEMENTS (KOHA) | |
| Koha item type | LIBRO |
| 957 ## - | |
| -- | 1 |
| 999 ## - SYSTEM CONTROL NUMBERS (KOHA) | |
| -- | Copie: 1 |
| Withdrawn status | Lost status | Damaged status | Not for loan | Home library | Current library | Date acquired | Total Checkouts | Full call number | Date last seen | Price effective from | Koha item type | Public note |
|---|---|---|---|---|---|---|---|---|---|---|---|---|
| Buone Condizioni | Not For Loan | ALBA - Biblioteca | ALBA - Biblioteca | 16/01/2017 | A235-34949 | 16/01/2017 | 16/01/2017 | LIBRO | (data import: 16 gennaio 2017) - By Epidotti, Vaglietti. |